Quel est la plus grande ville de ce pays ? (2) - Statistiques

Statistiques générales
  • Ce quiz a été pris 43 fois
  • Le résultat moyen est 29 sur 35
Statistiques - réponses
Question Réponse % Correct
Côte d'ivoire Abidjan
100%
Pays-Bas Amsterdam
100%
Inde Bombay
100%
Maroc Casablanca
100%
Sri Lanka Colombo
100%
Tanzanie Dar es Salaam
100%
Cameroun Douala
100%
Emirats Arabes Unis Dubai
100%
Vietnam Hô Chi Minh-Ville
100%
Turquie Istanbul
100%
Pakistan Karachi
100%
Algérie La capitale Alger
100%
Irak La capitale Bagdad
100%
Guinée La capitale Conakry
100%
Russie La capitale Moscou
100%
Mauritanie La capitale Nouakchott
100%
Norvège La capitale Oslo
100%
Italie La capitale Rome
100%
Bulgarie La capitale Sofia
100%
Iran La capitale Téhéran
100%
Japon La capitale Tokyo
100%
Tunisie La capitale Tunis
100%
Pologne La capitale Varsovie
100%
Namibie La capitale Windhhoek
100%
Nigeria Lagos
100%
Chine Shanghai
100%
Suisse Zurich
100%
Palaos Koror
50%
Bangladesh La capitale Daca
50%
Liechtenstein Schaan
50%
Gambie Serrekunda
50%
Taïwan New Taipei
0%
Sénégal Pikine
0%
Philippines Quezon City
0%
Micronésie Weno
0%
Aucun quiz correspondant
Distribution des résultats
% des personnes avec chaque résultat
Percentile par nombre de réponses
Votre historique - résultats
Vous n’avez pas pris ce quiz